00916nam a2200205 i 450000100060000000300090000600500170001500700030003200800410003510000310007624502460010726000320035330000350038570000530042070000330047370000290050685200320053599900170056795201260058497481ES-MaACL20250822012743.0t|050712s1962 sp ||||1| spa d1 aMarcozzi, Vittorio.97654913aEl hombre en el espacio y en el tiempo b: (esquemas de Antropología) / cVittorio Marcozzi; traducción de Don Antonio Alvarez de Linera; revisada y puesta al día por el Dr. Don Miguel Fuste; presentación del Dr. Don Santiago Alcobe. aMadrid : bStudium, c1962. aXVI, 634 p. : bil. ; c22 cm.1 aÁlvarez de Linera, Antonio,d1888-196191497171 aFusté Ara, Miguel.91505221 aAlcobe, Santiago.919555 aES-MaACLjC-21384 bR.49872 c97481d97481 00104070aATENEOMbATENEOMcGaleríad2008-01-17eSCl0oC-21384p1101764r2023-02-23 00:00:00w2023-02-23yMONOGRAFIA